| 000 | 00536nam a22001937a 4500 | ||
|---|---|---|---|
| 003 | DO-SdBNP | ||
| 005 | 20210922135645.0 | ||
| 007 | ta | ||
| 008 | 210922b 2019 dr 00| 0 eng d | ||
| 040 |
_aDO-SdBNP _bspa _cBNPHU |
||
| 082 | 4 |
_aBNPHU _bS687c |
|
| 100 | 1 |
_aSoliver, Glenis _980019 |
|
| 245 | 1 |
_aCicatrices / _cGlenis Soliver |
|
| 260 |
_aSanto Domingo : _bPoetas de la era, _c2019. |
||
| 300 |
_a57 p. ; _c23 cm. |
||
| 500 | _aIncluye datos biográficos de la autora en la contracubierta | ||
| 910 | _aBtavárez | ||
| 942 |
_2ddc _cLBS1 |
||
| 999 |
_c50630 _d50630 |
||